مكتبة جامعة عجلون الوطنية

فهرس بحث المكتبة

Normal view MARC view
  • تربية و تعليم-علاقات تربوية-دراسات نفسية-تحليل نفسي

Entry Topical Term

Number of records used in: 1

001 - CONTROL NUMBER

  • control field: 17019

003 - CONTROL NUMBER IDENTIFIER

  • control field: JO-AjAnu

005 - DATE AND TIME OF LATEST TRANSACTION

  • control field: 20230606073019.0

008 - FIXED-LENGTH DATA ELEMENTS

  • fixed length control field: 230606|| aca||aabn | a|a d

040 ## - CATALOGING SOURCE

  • Original cataloging agency: JO-AjAnu
  • Transcribing agency: JO-AjAnu

150 ## - HEADING--TOPICAL TERM

  • Topical term or geographic name entry element: تربية و تعليم-علاقات تربوية-دراسات نفسية-تحليل نفسي

670 ## - SOURCE DATA FOUND

  • Source citation: Work cat.: (JO-AjAnu)8737: بوستيك،مارسيل مؤلف/النحاس،محمدبشير مترجم/أحبدو،مليود مراجع, author 17018, العلاقة التربوية=La Relation Educative Par Marcel postic